[Event "European Cities & Towns Chess Championship - Youth"]
[Site "Central Europe"]
[Date "2023.01.29"]
[Round "5.6.3"]
[White "Chatzisavvas, Nikolaos"]
[Black "Paterakis, Panagiotis Emm"]
[Result "0-1"]
[WhiteElo "1000"]
[BlackElo "1070"]
[BlackCountry "GR"]
[BlackFideId "25894900"]
[BlackTeam "Ioannina"]
[WhiteCountry "GR"]
[WhiteFideId "42124247"]
[WhiteTeam "Heraklion"]

1. e4 c5 2. Nf3 d6 3. c3 Nf6 4. d4 cxd4 5. cxd4 Nxe4 6. Qe2 Nf6 7. Nc3 Nc6
8. Bg5 Bf5 9. Qe3 e6 10. Bb5 Be7 11. O-O O-O 12. Rfe1 Nb4 13. Ba4 Nd3 14. 
Re2 Ng4 15. Qd2 Bxg5 16. Nxg5 h6 17. Nf3 g5 18. Bc2 Nf4 19. Ree1 Bxc2 20. 
Qxc2 Rc8 21. Qd2 d5 22. h3 Nf6 23. h4 Ng4 24. hxg5 hxg5 25. g3 Ng6 26. 
Nxg5 Kg7 27. Kg2 Rh8 28. Rh1 Qf6 29. Nf3 Rcg8 30. Rae1 Kf8 31. Nb5 Nf4+ 
32. Qxf4 Qxf4 33. gxf4 Ne3# 0-1

[Event "European Cities & Towns Chess Championship - Youth"]
[Site "Central Europe"]
[Date "2023.01.29"]
[Round "5.6.4"]
[White "Georgios, Basios"]
[Black "Kilaidakis, Ioannis"]
[Result "0-1"]
[WhiteElo "1000"]
[BlackElo "1000"]
[BlackCountry "GR"]
[BlackFideId "42133564"]
[BlackTeam "Heraklion"]
[WhiteTeam "Ioannina"]

1. e4 e5 2. Nf3 Nc6 3. Bb5 a6 4. Bxc6 dxc6 5. Nxe5 Qd4 6. Nf3 Qxe4+ 7. Qe2
Qxe2+ 8. Kxe2 Bf5 9. Kd1 O-O-O 10. h3 Bc5 11. g4 Be4 12. Ke2 Bxc2 13. a3 
Nf6 14. b4 Bb6 15. a4 Rhe8+ 16. Kf1 Be4 17. Kg2 Rd3 18. Kg3 Rxf3+ 19. Kg2 
Ra3+ 20. Kg1 Rxa1 21. Bb2 Rxb1+ 22. Kh2 Rxh1+ 23. Kg3 Rg1+ 24. Kh4 Bxf2+ 
25. Kg5 Nd5 26. b5 f6+ 27. Bxf6 gxf6+ 28. Kh6 Bg6 29. bxc6 Be1 30. cxb7+ 
Kxb7 31. d4 Re7 32. g5 Bd2 33. a5 Bxg5# 0-1

[Event "European Cities & Towns Chess Championship - Youth"]
[Site "Central Europe"]
[Date "2023.01.29"]
[Round "6.1.1"]
[White "Capjak, David"]
[Black "Kuru, Atilla"]
[Result "0-1"]
[WhiteElo "1122"]
[BlackElo "2054"]
[BlackCountry "TR"]
[BlackFideId "51607948"]
[BlackTeam "Istanbul"]
[WhiteCountry "HR"]
[WhiteFideId "14582554"]
[WhiteTeam "Zagreb"]

1. e4 e6 2. d4 d5 3. e5 c5 4. c3 Qb6 5. Nf3 Nc6 6. Be2 cxd4 7. cxd4 Nh6 8.
 Nc3 Nf5 9. Na4 Bb4+ 10. Bd2 Qa5 11. Bxb4 Qxb4+ 12. Nc3 Ncxd4 13. Nxd4 
Nxd4 14. Rb1 Nxe2 15. Qxe2 Bd7 16. O-O O-O 17. a3 Qc4 18. Qxc4 dxc4 19. 
Rbd1 Bc6 20. Rd4 b5 21. Ne4 Bxe4 22. Rxe4 Rfd8 23. f4 Rd2 24. Rf2 Rad8 25.
 Ree2 Rd1+ 26. Rf1 R1d3 27. f5 exf5 28. Rxf5 R3d5 29. Rff2 Re8 30. Rf5 f6 
31. Ref2 Rdxe5 32. R5f3 Rd5 33. h3 Kf7 34. Kh2 Red8 35. Kg1 Rd1+ 36. Rf1 
Rxf1+ 37. Rxf1 Rd2 38. Rf2 Rxf2 39. Kxf2 Ke6 40. Ke2 Ke5 41. Ke3 g5 42. g3
h5 43. g4 hxg4 44. hxg4 a5 45. Kf3 Kd4 46. Ke2 b4 47. a4 c3 48. b3 Ke4 49.
 Kd1 f5 50. Kc2 fxg4 51. Kd1 g3 52. Kc1 g2 53. Kc2 g4 54. Kc1 g1=Q+ 55. 
Kc2 Qf2+ 56. Kc1 Qd2+ 57. Kb1 Qb2# 0-1

[Event "European Cities & Towns Chess Championship - Youth"]
[Site "Central Europe"]
[Date "2023.01.29"]
[Round "6.1.2"]
[White "Uzdemir, Ali Poyraz"]
[Black "Botica, Viseslav"]
[Result "1-0"]
[WhiteElo "1638"]
[BlackElo "1072"]
[BlackCountry "HR"]
[BlackFideId "14574799"]
[BlackTeam "Zagreb"]
[WhiteCountry "TR"]
[WhiteFideId "51619733"]
[WhiteTeam "Istanbul"]

1. e4 c5 2. Nc3 Nc6 3. g3 e6 4. Bg2 Nf6 5. d3 d5 6. exd5 exd5 7. Bg5 d4 8.
 Ne4 Be7 9. Bxf6 gxf6 10. Qe2 O-O 11. O-O-O Be6 12. a3 Ne5 13. f4 Ng4 14. 
h3 Ne3 15. Re1 Bd5 16. g4 Qc7 17. Qf2 c4 18. Kb1 Rac8 19. Nf3 cxd3 20. 
cxd3 Qc2+ 21. Qxc2 Rxc2 22. Rxe3 Rxg2 23. Ree1 Rc8 24. Nxd4 Bxe4 25. Rxe4 
Bc5 26. Nf5 Bf8 27. Rc1 Rd8 28. d4 Rh2 29. Rc3 b6 30. Rd3 Rc8 31. Rc3 Rd8 
32. Ka2 b5 33. Kb3 a5 34. g5 fxg5 35. fxg5 a4+ 36. Ka2 f6 37. gxf6 Kf7 38.
 Ne3 Rd2 39. Rc7+ Kxf6 40. Ng4+ Kg6 41. Re6+ Kf5 42. Rf6+ Ke4 43. Rcf7 
R2xd4 44. Rxf8 Rxf8 45. Rxf8 Kd3 46. Rf3+ Kc2 47. Ne5 b4 48. axb4 Rxb4 49.
 Rf2+ Kc1 50. Nd3+ Kd1 51. Nxb4 Ke1 52. Rf7 Kd1 53. Ka3 Ke1 54. Kxa4 Ke2 
55. b3 Ke3 56. Nc6 Kd3 57. b4 Kc4 58. b5 Kc5 59. Ka5 Kd6 60. b6 Kxc6 61. 
b7 Kc5 62. b8=Q Kd5 63. Qc7 Kd4 64. Rf5 Ke4 65. Qe5+ Kd3 66. Rf3+ Kd2 67. 
Qe3+ Kc2 68. Rf2+ Kd1 69. Qe2+ Kc1 70. Qe1# 1-0

[Event "European Cities & Towns Chess Championship - Youth"]
[Site "Central Europe"]
[Date "2023.01.29"]
[Round "6.1.3"]
[White "Kovac, Faust"]
[Black "Akkara, Omer"]
[Result "0-1"]
[WhiteElo "1000"]
[BlackElo "1443"]
[BlackCountry "TR"]
[BlackFideId "26319802"]
[BlackTeam "Istanbul"]
[WhiteCountry "HR"]
[WhiteFideId "14595338"]
[WhiteTeam "Zagreb"]

1. e4 d5 2. Nc3 d4 3. Nce2 c5 4. Nf3 Nc6 5. d3 e5 6. g3 Bd6 7. Bg2 f5 8. 
exf5 Bxf5 9. Bg5 Nf6 10. O-O h6 11. Bxf6 Qxf6 12. a3 O-O 13. c3 e4 14. 
dxe4 Bxe4 15. Ne1 Bxg2 16. Nxg2 Rad8 17. cxd4 cxd4 18. Qd2 d3 19. Qxd3 Kh8
20. Rab1 Bxg3 21. Qxg3 Rd5 22. Rfd1 Rg5 23. Qh3 Qxf2+ 24. Kh1 Qxe2 25. Re1
Qf2 26. Rg1 Nd4 27. Qe3 Rxg2 28. Qxf2 Rgxf2 29. Rg2 Rf1+ 30. Rg1 Rxb1 31. 
Rxb1 Rf2 32. b4 Nf3 0-1

[Event "European Cities & Towns Chess Championship - Youth"]
[Site "Central Europe"]
[Date "2023.01.29"]
[Round "6.1.4"]
[White "Sahin, Zeynep Duru"]
[Black "Malaric, Marko"]
[Result "1-0"]
[WhiteElo "1385"]
[BlackElo "1234"]
[BlackCountry "HR"]
[BlackFideId "14594960"]
[BlackTeam "Zagreb"]
[WhiteCountry "TR"]
[WhiteFideId "51606550"]
[WhiteTeam "Istanbul"]

1. e4 c5 2. Nf3 a6 3. c3 d5 4. exd5 Nf6 5. c4 e6 6. dxe6 Bxe6 7. Nc3 Nc6 
8. Be2 Qc7 9. O-O Rd8 10. d3 Bxc4 11. Re1 Be7 12. Qc2 Be6 13. Ne4 Nxe4 14.
 dxe4 O-O 15. Be3 Nb4 16. Qc3 Nxa2 17. Qc2 Nb4 18. Qc1 Bb3 19. Ra3 c4 20. 
Rxb3 Na2 21. Qxc4 Qa5 22. Rxb7 Nb4 23. Bb6 Qa4 24. Bxd8 Bxd8 25. Qxb4 Qc2 
26. Qb3 Qxe4 27. Bc4 Qg6 28. Rxf7 1-0

[Event "European Cities & Towns Chess Championship - Youth"]
[Site "Central Europe"]
[Date "2023.01.29"]
[Round "6.2.1"]
[White "Molchanov, Roman"]
[Black "Sahin, Sarp"]
[Result "0-1"]
[WhiteElo "1329"]
[BlackElo "1841"]
[BlackCountry "TR"]
[BlackFideId "51605066"]
[BlackTeam "Ankara"]
[WhiteCountry "UA"]
[WhiteFideId "34131086"]
[WhiteTeam "Lviv Chess Federation"]

1. e4 c5 2. Nf3 e6 3. d4 cxd4 4. Nxd4 a6 5. Bd3 Bc5 6. Nb3 Ba7 7. Nc3 Nc6 
8. O-O Nf6 9. Qe2 d6 10. Bg5 O-O 11. Kh1 h6 12. Bh4 Nd4 13. Nxd4 Bxd4 14. 
Qd2 Qc7 15. Bg3 b5 16. a3 Bb7 17. f3 Rac8 18. Rac1 Rfd8 19. Be1 d5 20. 
exd5 Nxd5 21. Nxd5 Bxd5 22. Bf2 Bxb2 23. Rb1 Bxa3 24. Ra1 b4 25. Qe3 a5 
26. Bg3 Qc5 27. Qe2 Bc4 28. Bxc4 Qxc4 29. Qe5 Rd5 30. Qe4 Qxe4 31. fxe4 
Rd2 32. Rfd1 Rcxc2 33. Rxd2 Rxd2 34. Bf4 Rd4 35. Re1 b3 36. Be5 Rc4 37. 
Rb1 Rc1+ 38. Rxc1 Bxc1 39. Kg1 b2 40. Bxb2 Bxb2 41. Kf2 a4 42. Ke2 a3 43. 
Kd2 a2 44. Kc2 a1=Q 45. Kb3 Qa3+ 46. Kc4 Qc3+ 47. Kb5 Ba3 48. Ka6 Qb4 49. 
Ka7 Qb5 50. Ka8 Qb6 51. e5 Bc5 52. g3 Qa7# 0-1

[Event "European Cities & Towns Chess Championship - Youth"]
[Site "Central Europe"]
[Date "2023.01.29"]
[Round "6.2.2"]
[White "Yilmaz, Baver"]
[Black "Gavker, Markiyan"]
[Result "1/2-1/2"]
[WhiteElo "1779"]
[BlackElo "1310"]
[BlackCountry "UA"]
[BlackFideId "34133810"]
[BlackTeam "Lviv Chess Federation"]
[WhiteCountry "TR"]
[WhiteFideId "26363542"]
[WhiteTeam "Ankara"]

1. e4 c5 2. Nf3 Nc6 3. d4 cxd4 4. Nxd4 d6 5. Nc3 Nf6 6. Be2 e6 7. Be3 Be7 
8. O-O O-O 9. Qd2 a6 10. f4 Nxd4 11. Bxd4 Qc7 12. Bf3 e5 13. Be3 Bg4 14. 
Bxg4 Nxg4 15. Nd5 Qd8 16. Bb6 Qd7 17. h3 Nf6 18. fxe5 Nxd5 19. Qxd5 Rac8 
20. Rxf7 Rxf7 21. e6 Qc6 22. exf7+ Kf8 23. Bd4 Qxd5 24. exd5 Rxc2 25. Rf1 
Rd2 26. Rf4 g5 27. Re4 Kxf7 28. a3 Bd8 29. Kh2 b5 30. Kg3 h5 31. Kf3 Be7 
32. Kg3 Bd8 33. Kf3 Be7 34. a4 bxa4 35. Bc3 Rxd5 36. Rxa4 Rf5+ 37. Kg3 h4+
38. Kh2 a5 39. Bxa5 d5 40. Bc7 Rf2 41. b3 Rb2 42. Rd4 Rxb3 43. Rxd5 Rb7 
44. Ba5 Rb8 45. Bd2 Rg8 46. Rd4 Ke6 47. Re4+ Kf7 48. Rd4 Ke6 49. Be3 Bd6+ 
50. Kh1 Bc5 51. Rd3 Bxe3 52. Rxe3+ Kf5 53. Rf3+ Ke4 54. Ra3 Rg6 55. Ra4+ 
Ke3 56. Rg4 Kf2 57. Kh2 Ke3 58. Kg1 Ke2 59. Re4+ Kd3 60. Rg4 Ke3 61. Kh1 
Kf2 62. Kh2 Ke3 63. Kg1 Ke2 64. Ra4 Ke3 65. Ra3+ Ke2 66. Ra2+ Ke3 67. Ra4 
Ke2 68. Rb4 Ke3 69. Kf1 Rf6+ 70. Ke1 Rf5 71. Rb3+ Ke4 72. Ke2 Kd4 73. Rb4+
Ke5 74. Ke3 Kd5 75. Rb5+ Ke6 76. Rb6+ Kd5 77. Rg6 Ke5 78. Rg8 Kd5 79. Rd8+
Ke5 80. Ra8 Kd5 81. Ra5+ Ke6 82. Ra4 Kd5 83. Rg4 Ke5 84. Rd4 Ke6 85. Rc4 
Kd5 86. Ra4 Ke6 87. Ra6+ Kd5 88. Rh6 Ke5 89. Rh5 Kd5 90. Rh8 Ke5 91. Rb8 
Kd5 92. Rd8+ Ke5 93. Rd1 Ke6 94. Rd3 Ke5 95. Rd2 Ke6 96. Ke4 Rf4+ 97. Ke3 
Ke5 98. Rd8 Rf5 1/2-1/2

[Event "European Cities & Towns Chess Championship - Youth"]
[Site "Central Europe"]
[Date "2023.01.29"]
[Round "6.2.3"]
[White "Hychkevych, Vitaliy"]
[Black "Celebi, Mehmet Alper"]
[Result "1-0"]
[WhiteElo "1251"]
[BlackElo "1614"]
[BlackCountry "TR"]
[BlackFideId "51603934"]
[BlackTeam "Ankara"]
[WhiteCountry "UA"]
[WhiteFideId "34127046"]
[WhiteTeam "Lviv Chess Federation"]

1. d4 d5 2. c4 c6 3. Nc3 Nf6 4. Nf3 dxc4 5. a4 Bf5 6. Bg5 e6 7. e3 Be7 8. 
Bxc4 Nbd7 9. O-O O-O 10. Re1 Ne4 11. Bxe7 Qxe7 12. Bd3 Ndf6 13. Ne5 Nxc3 
14. bxc3 Bxd3 15. Qxd3 c5 16. Rab1 b6 17. Rec1 Nd5 18. e4 Nf4 19. Qf3 Ng6 
20. Nc6 Qc7 21. d5 exd5 22. exd5 Rfe8 23. c4 Rac8 24. Rd1 Qd6 25. Re1 Qd7 
26. Re3 Nh4 27. Qf4 Nf5 28. Ne5 Rxe5 29. Rxe5 g6 30. Rbe1 Qxa4 31. g4 Nd4 
32. Re7 Rf8 33. Qf6 h6 34. d6 Qc6 35. R1e3 a5 36. Rc7 Qa8 37. Ree7 Nf3+ 
38. Kf1 Nxh2+ 39. Ke2 Nxg4 40. Qxg6+ fxg6 41. Rg7+ Kh8 42. Rh7+ Kg8 43. 
Rcg7# 1-0

[Event "European Cities & Towns Chess Championship - Youth"]
[Site "Central Europe"]
[Date "2023.01.29"]
[Round "6.2.4"]
[White "Ozugur, Bartu Okan"]
[Black "Korchevskyi, Volodymyr"]
[Result "0-1"]
[WhiteElo "1177"]
[BlackElo "1244"]
[BlackCountry "UA"]
[BlackFideId "34157310"]
[BlackTeam "Lviv Chess Federation"]
[WhiteCountry "TR"]
[WhiteFideId "26321289"]
[WhiteTeam "Ankara"]

1. e4 c5 2. Nf3 e6 3. d4 cxd4 4. Nxd4 Nf6 5. Nc3 a6 6. e5 Nd5 7. Nxd5 exd5
8. Nf3 Qa5+ 9. Bd2 Qc7 10. Bc3 b5 11. Qxd5 Bb7 12. Qd1 Bc5 13. Be2 O-O 14.
 O-O Nc6 15. a3 Rad8 16. Qd2 d6 17. exd6 Bxd6 18. Qg5 f6 19. Qh4 Rfe8 20. 
Bd3 h6 21. Qh5 Ne5 22. Nxe5 Bxe5 23. Bxe5 Rxe5 24. Qg6 Rg5 25. Qh7+ Kf7 
26. f3 Qc5+ 27. Kh1 Re8 28. h4 Rg3 29. Qf5 Qxf5 30. Bxf5 Re2 31. Bh3 Rxc2 
32. Rad1 Bc8 33. Bxc8 Rxc8 34. Rd7+ Ke6 35. Rfd1 Rc2 36. R7d2 Rxd2 37. 
Rxd2 g5 38. h5 f5 39. Kh2 f4 40. b4 g4 41. fxg4 Rxg4 42. Re2+ Kf6 43. Kg1 
Rg3 44. Rf2 Kg5 45. Rxf4 Kxf4 46. a4 bxa4 47. b5 axb5 48. Kh1 a3 49. Kg1 
a2 50. Kh2 Rxg2+ 51. Kxg2 a1=Q 52. Kh2 Qb2+ 53. Kh3 Qa2 54. Kh4 Qh2# 0-1

[Event "European Cities & Towns Chess Championship - Youth"]
[Site "Central Europe"]
[Date "2023.01.29"]
[Round "6.3.1"]
[White "Dodoi, Matei-Teodor"]
[Black "Gales, Randi-Ioan"]
[Result "0-1"]
[WhiteElo "1745"]
[BlackElo "1911"]
[BlackCountry "RO"]
[BlackFideId "1285360"]
[BlackTeam "CSM Galati"]
[WhiteCountry "RO"]
[WhiteFideId "1278029"]
[WhiteTeam "Ia?i - Region"]

1. d4 Nf6 2. c4 g6 3. Nc3 Bg7 4. e4 d6 5. Nf3 O-O 6. Be2 e5 7. O-O Nc6 8. 
d5 Ne7 9. Ne1 Ne8 10. Nd3 f5 11. f4 fxe4 12. Nxe4 Nf5 13. fxe5 dxe5 14. 
Bg5 Nf6 15. Nxf6+ Bxf6 16. Bxf6 Qxf6 17. Qd2 e4 18. Nf4 e3 19. Qc3 Nd4 20.
 Bd3 Qe5 21. Ne2 Nxe2+ 22. Bxe2 Qxc3 23. Rxf8+ Kxf8 24. bxc3 Bf5 25. Re1 
Re8 26. Bf3 b6 27. g3 Re7 28. Kg2 Ke8 29. g4 Bd3 30. Be2 Bc2 31. Kf3 Kd7 
32. Rc1 Be4+ 33. Kxe3 Bxd5+ 34. Kd2 Bf7 35. Kd3 Bxc4+ 36. Kxc4 Rxe2 37. 
Rd1+ Kc6 38. h4 Rxa2 39. Rf1 Ra4+ 40. Kd3 Rxg4 41. Rh1 Kd5 42. h5 Rg3+ 43.
 Kd2 g5 44. Rf1 Kc4 45. Rf7 Rg2+ 46. Ke3 a5 47. Rxh7 a4 48. Rxc7+ Kb5 49. 
Kf3 Rh2 50. Kg4 a3 51. Ra7 Kc4 52. Rxa3 Rg2+ 53. Kf3 Rh2 54. Kg4 Rg2+ 55. 
Kf3 Rg1 56. h6 Rh1 57. Kg4 Rxh6 58. Kxg5 Rh3 59. Ra4+ Kc5 60. c4 Rc3 61. 
Kf5 Rxc4 62. Ra8 b5 63. Ke5 b4 64. Rc8+ Kb5 65. Rb8+ Ka4 66. Kd5 Rh4 67. 
Kc5 Kb3 68. Rg8 Ka3 69. Ra8+ Kb3 70. Rg8 Rh5+ 71. Kd4 Rh3 72. Rb8 Ka3 73. 
Kc4 Rh4+ 74. Kd3 b3 75. Kc3 Rh3+ 76. Kd2 b2 77. Kc2 Rh2+ 78. Kb1 Rh1+ 79. 
Kc2 Rc1+ 80. Kd2 b1=Q 81. Ra8+ Kb4 82. Rb8+ Kc5 83. Rc8+ Kd4 84. Rxc1 Qb2+
85. Rc2 Qb4+ 86. Ke2 Qb5+ 87. Kd2 Qd3+ 88. Kc1 Qb3 89. Rd2+ Kc3 90. Rf2 
Qd5 91. Rc2+ Kb3 92. Rb2+ Kc4 93. Rc2+ Kb5 94. Rb2+ Ka6 95. Kb1 Qd1+ 96. 
Ka2 Ka5 97. Rb1 Qc2+ 98. Rb2 Qc4+ 99. Kb1 Qd3+ 100. Kc1 Ka4 101. Ra2+ Kb3 
102. Rb2+ Kc3 103. Rf2 Qe3+ 104. Kd1 Qxf2 0-1

[Event "European Cities & Towns Chess Championship - Youth"]
[Site "Central Europe"]
[Date "2023.01.29"]
[Round "6.3.2"]
[White "Leu, Dragos Stefan"]
[Black "Costache, Andrei Eugeniu"]
[Result "1-0"]
[WhiteElo "1810"]
[BlackElo "1632"]
[BlackCountry "RO"]
[BlackFideId "42206057"]
[BlackTeam "Ia?i - Region"]
[WhiteCountry "RO"]
[WhiteFideId "1292730"]
[WhiteTeam "CSM Galati"]

1. d4 d5 2. Bf4 e6 3. e3 Nf6 4. Nd2 Bd6 5. Bg3 O-O 6. Bd3 c5 7. c3 b6 8. 
Ngf3 Bb7 9. Ne5 Nc6 10. O-O Qc7 11. f4 Ne7 12. Bh4 Ne4 13. g4 Ng6 14. Bg3 
Rac8 15. Qc2 f5 16. Nxg6 hxg6 17. g5 Kf7 18. Nf3 Rh8 19. Kg2 Rh7 20. h4 
cxd4 21. exd4 Nxg3 22. Kxg3 Bxf4+ 23. Kg2 Rch8 24. Rh1 Bg3 25. Rh3 Bd6 26.
 Qe2 Re8 27. Kf1 e5 28. dxe5 Bxe5 29. Re1 Rhh8 30. Nxe5+ Kg8 31. Qh2 Qd6 
32. Nf3 Rxe1+ 33. Kxe1 Qxh2 34. Rxh2 Kf7 35. Ne5+ Ke6 36. Nxg6 Re8 37. 
Re2+ Kf7 38. Rxe8 Kxe8 39. Bxf5 Bc6 40. Ne5 Bb5 41. h5 Kf8 42. h6 gxh6 43.
 gxh6 Be8 44. Be6 Bh5 45. Kf2 Be8 46. Kg3 Bh5 47. Kf4 Bd1 48. Kg5 Bc2 49. 
Kf6 Bh7 50. Ng6+ Ke8 51. Kg7 Bxg6 52. Kxg6 Ke7 53. Bxd5 Kd6 54. Bb3 Kc5 
55. h7 b5 56. h8=Q a5 57. Qd4+ Kc6 58. Bd5+ Kc7 59. Qc5+ Kd8 60. Be6 Ke8 
61. Qc8+ Ke7 62. Qd7+ Kf8 63. Qd8# 1-0

[Event "European Cities & Towns Chess Championship - Youth"]
[Site "Central Europe"]
[Date "2023.01.29"]
[Round "6.3.3"]
[White "Codru, Raul Cristian"]
[Black "Mohonea, Alexandru"]
[Result "1-0"]
[WhiteElo "1344"]
[BlackElo "1329"]
[BlackCountry "RO"]
[BlackFideId "42205077"]
[BlackTeam "CSM Galati"]
[WhiteCountry "RO"]
[WhiteFideId "42203996"]
[WhiteTeam "Ia?i - Region"]

1. d4 Nf6 2. c4 g6 3. Nc3 Bg7 4. e4 d6 5. f3 O-O 6. Be3 c5 7. d5 a6 8. Qd2
Bd7 9. Bd3 Qa5 10. Nge2 b5 11. cxb5 axb5 12. O-O Ne8 13. a3 Nc7 14. Rfb1 
Qa6 15. b4 c4 16. Bc2 Qb7 17. Bd4 Bxd4+ 18. Nxd4 Qb6 19. Kh1 e5 20. dxe6 
Nxe6 21. Nxe6 Bxe6 22. Rd1 Rd8 23. e5 d5 24. Be4 Nc6 25. Bxd5 Nxe5 26. Qg5
Nd3 27. Rd2 Bxd5 28. Nxd5 Nf2+ 29. Rxf2 Qxf2 30. Nf6+ Kg7 31. Nh5+ Kg8 32.
 Nf6+ Kg7 33. Nh5+ Kf8 34. Qh6+ Ke8 35. Nf6+ Ke7 36. Ne4 Qd4 37. Re1 Qe5 
38. Qh4+ f6 39. Nxf6 g5 40. Rxe5+ Kxf6 41. Qxg5+ Kf7 42. Re7+ Kf8 43. Qf6+
Kg8 44. Qg7# 1-0

[Event "European Cities & Towns Chess Championship - Youth"]
[Site "Central Europe"]
[Date "2023.01.29"]
[Round "6.3.4"]
[White "George, Cernencu"]
[Black "Minescu, Leon"]
[Result "0-1"]
[WhiteElo "1000"]
[BlackElo "1317"]
[BlackCountry "RO"]
[BlackFideId "1294148"]
[BlackTeam "Ia?i - Region"]
[WhiteTeam "CSM Galati"]

1. e4 c5 2. Nc3 d6 3. f4 Nc6 4. Bb5 g6 5. Bxc6+ bxc6 6. Nf3 Bg7 7. O-O Bg4
8. h3 Bxf3 9. Qxf3 Qd7 10. d3 e6 11. Re1 Ne7 12. Bd2 d5 13. exd5 cxd5 14. 
Rab1 O-O 15. Rbd1 Nf5 16. g4 Nd4 17. Qg2 Nxc2 18. Re2 Nd4 19. Ree1 Rab8 
20. Rb1 Rfc8 21. Ne2 Nxe2+ 22. Qxe2 Bxb2 23. Be3 Bd4 24. Bxd4 cxd4 25. Qe5
Rxb1 26. Rxb1 Qa4 27. Qe2 Qc2 28. Qe4 Qxb1+ 0-1

[Event "European Cities & Towns Chess Championship - Youth"]
[Site "Central Europe"]
[Date "2023.01.29"]
[Round "6.4.1"]
[White "Gromosiak, Antonii"]
[Black "Borodich, Miroslav"]
[Result "0-1"]
[WhiteElo "1735"]
[BlackElo "1326"]
[BlackCountry "CY"]
[BlackFideId "5906571"]
[BlackTeam "Nicosia"]
[WhiteCountry "UA"]
[WhiteFideId "34121366"]
[WhiteTeam "Kyiv region"]

1. e4 c5 2. Nf3 Nc6 3. d4 cxd4 4. Nxd4 Nf6 5. f3 e5 6. Nb5 d6 7. c4 a6 8. 
N5c3 Be7 9. Be3 O-O 10. Be2 Be6 11. O-O Nd7 12. Nd5 f5 13. Nbc3 f4 14. Bf2
Bh4 15. Bxh4 Qxh4 16. Qe1 Qxe1 17. Rfxe1 Bxd5 18. Nxd5 Nd4 19. Bd3 Nf6 20.
 Nb6 Rad8 21. Rec1 Nd7 22. Nd5 Nc5 23. Rd1 Nc6 24. b4 Nd7 25. Bf1 Nd4 26. 
Rac1 Nf6 27. Nb6 Nd7 28. Nxd7 Rxd7 29. c5 dxc5 30. bxc5 Rc7 31. Rc4 Rc6 
32. Rb1 Rf7 33. Rc3 Rfc7 34. Rc4 Kf8 35. Rbc1 Ne6 36. R4c3 Rxc5 37. Rxc5 
Rxc5 38. Rxc5 Nxc5 39. Kf2 Ne6 40. Ke2 Nd4+ 41. Kd3 Ke7 42. Kc4 Kd6 43. 
Bd3 a5 44. a4 Kc6 45. Bb1 b6 46. Bd3 g5 47. Bb1 b5+ 48. axb5+ Nxb5 49. Kb3
Kc5 50. Bd3 Nd4+ 51. Ka4 Kb6 52. Bc4 Nc2 53. Bd3 Ne3 54. g3 h6 55. gxf4 
gxf4 56. Be2 Nc2 57. Bd3 Nd4 58. Bf1 Nxf3 59. Bg2 Nxh2 60. Bh3 f3 61. Be6 
f2 62. Bc4 f1=Q 63. Bxf1 Nxf1 64. Kb3 Ng3 65. Kc4 Nxe4 66. Kd5 a4 67. Kxe5
a3 68. Kd4 a2 69. Kxe4 a1=Q 0-1

[Event "European Cities & Towns Chess Championship - Youth"]
[Site "Central Europe"]
[Date "2023.01.29"]
[Round "6.4.2"]
[White "Bannoura, Daniel"]
[Black "Gromosiak, Oleksii"]
[Result "0-1"]
[WhiteElo "1000"]
[BlackElo "1312"]
[BlackCountry "UA"]
[BlackFideId "34137904"]
[BlackTeam "Kyiv region"]
[WhiteCountry "CY"]
[WhiteFideId "5909546"]
[WhiteTeam "Nicosia"]

1. e4 c5 2. Nc3 d6 3. Nf3 Nc6 4. Bc4 Bg4 5. h3 Bxf3 6. Qxf3 Nf6 7. Nd5 a6 
8. O-O Ne5 9. Nxf6+ exf6 10. Qb3 Qd7 11. c3 b5 12. Bd5 Rb8 13. d4 cxd4 14.
 cxd4 Nc6 15. Be3 g6 16. Rac1 Na7 17. a4 Bg7 18. axb5 Rxb5 19. Qc4 O-O 20.
 Qa4 Rfb8 21. Qxa6 Rxb2 22. Bf4 R2b6 23. Qa2 Nb5 24. Rfd1 f5 25. e5 dxe5 
26. dxe5 Qe7 27. e6 fxe6 28. Bxb8 Nc3 29. Qa8 Kf7 30. Re1 Nxd5 31. Bh2 Bd4
32. Rcd1 Qc5 33. Qa7+ Kf6 34. Rxd4 Qxd4 35. Be5+ Qxe5 36. Rxe5 Kxe5 37. 
Qxh7 Rb1+ 38. Kh2 Kf6 39. Qh4+ Kf7 40. Qc4 Rb2 41. Qd4 Rb4 42. Qa7+ Kf6 
43. Qa1+ Kf7 44. f3 Rb6 45. Qa7+ Kf6 46. f4 Rb4 47. Qa1+ Kf7 48. g3 Re4 
49. Qa7+ Kf6 50. Qf2 Rb4 51. h4 Re4 52. Kh3 Rb4 53. Qa7 Re4 54. Qb8 Kf7 
55. Qb7+ Kf6 56. Qc8 Kf7 57. Qd7+ Ne7 58. Qc7 Rd4 59. Qe5 Re4 60. Qh8 Nd5 
61. Qh7+ Kf6 62. Qh8+ Kf7 63. Qb8 Ne7 64. Qb7 Re3 65. Qb4 Re4 66. Qd6 Re3 
67. Qd2 Nd5 68. h5 Nxf4+ 69. Kh4 Nd5 70. hxg6+ Kxg6 71. Qd4 Re4+ 72. Qxe4 
fxe4 73. Kh3 e3 74. Kg2 Kg5 75. Kf3 e5 76. Ke2 e4 77. Kf1 Nc3 78. Ke1 e2 
79. Kd2 Kg4 80. Ke1 Kf3 81. g4 Kxg4 82. Kf2 Kf4 83. Kg1 Kg3 84. Kh1 e1=R# 
0-1

[Event "European Cities & Towns Chess Championship - Youth"]
[Site "Central Europe"]
[Date "2023.01.29"]
[Round "6.4.3"]
[White "Chunikhin, Miron"]
[Black "Stavrou, Christoforos"]
[Result "1-0"]
[WhiteElo "1000"]
[BlackElo "1000"]
[BlackTeam "Nicosia"]
[WhiteCountry "UA"]
[WhiteFideId "34161325"]
[WhiteTeam "Kyiv region"]

1. e4 e5 2. Nf3 Nc6 3. Nc3 Bb4 4. Bc4 d6 5. h3 Nf6 6. d3 O-O 7. Bg5 Nd4 8.
 O-O h6 9. Bh4 Qe7 10. Nd5 Qd8 11. Nxb4 c5 12. Nd5 Be6 13. Nxf6+ gxf6 14. 
Nxd4 cxd4 15. Qf3 Bxc4 16. Bxf6 Qc7 17. Qg4+ Kh7 18. Qg7# 1-0

[Event "European Cities & Towns Chess Championship - Youth"]
[Site "Central Europe"]
[Date "2023.01.29"]
[Round "6.4.4"]
[White "Stylianou, Achilleas"]
[Black "Andrey, Dudnikov"]
[Result "0-1"]
[WhiteElo "1000"]
[BlackElo "1000"]
[BlackTeam "Kyiv region"]
[WhiteTeam "Nicosia"]

1. e4 e5 2. Nf3 Nc6 3. Bc4 Nf6 4. Ng5 d5 5. Bxd5 Nxd5 6. exd5 Qxd5 7. Qf3 
Qxf3 8. Nxf3 Bc5 9. d3 Nb4 10. O-O Nxc2 11. Nxe5 Nxa1 12. Re1 O-O 13. Re4 
Nc2 14. Rg4 Bxg4 15. Nxg4 Rfe8 16. Be3 Nxe3 17. Nxe3 Bxe3 18. fxe3 Rxe3 
19. d4 Re1+ 20. Kf2 Rxb1 21. Ke3 Rxb2 22. Ke4 Rxg2 23. Kd5 Rxh2 24. Kc5 
Rxa2 25. d5 Rd8 26. Kc4 Rxd5 27. Kxd5 Rc2 28. Kd4 a5 29. Kd3 Rc6 30. Kd4 
a4 31. Kd3 a3 32. Kd2 a2 33. Kd3 a1=Q 34. Kd2 Qc3+ 35. Kd1 Qc2+ 36. Ke1 
Re6+ 37. Kf1 Qd2 38. Kg1 Re1# 0-1

[Event "European Cities & Towns Chess Championship - Youth"]
[Site "Central Europe"]
[Date "2023.01.29"]
[Round "6.5.1"]
[White "Rusu, Lucas"]
[Black "Tamiolakis, Grigorios"]
[Result "1-0"]
[WhiteElo "1625"]
[BlackElo "1226"]
[BlackCountry "GR"]
[BlackFideId "42143799"]
[BlackTeam "Heraklion"]
[WhiteCountry "RO"]
[WhiteFideId "42206472"]
[WhiteTeam "Iasi"]

1. e4 d5 2. exd5 Qxd5 3. Nc3 Qa5 4. d4 Nf6 5. Nf3 Bg4 6. Be2 Nc6 7. Be3 
O-O-O 8. O-O e5 9. Bg5 exd4 10. Bxf6 gxf6 11. Ne4 f5 12. Ng3 Bd6 13. h3 
Bxg3 14. fxg3 Bh5 15. Bd3 Ne5 16. Bxf5+ Kb8 17. g4 Nxf3+ 18. Qxf3 Bg6 19. 
Bd3 Rhe8 20. Bxg6 fxg6 21. Qf6 Qc5 22. Kh2 Qxc2 23. Rfc1 Qe2 24. Re1 Qxb2 
25. Rab1 Qxa2 26. Qc6 Qxb1 27. Rxb1 b6 28. Rd1 d3 29. Qf3 d2 30. Qf2 a5 
31. Rxd2 Rxd2 32. Qxd2 Kb7 33. Qd5+ Ka7 34. Qd7 Rb8 35. Qxc7+ Rb7 36. Qc6 
b5 37. Qc5+ Ka6 38. Qc6+ Rb6 39. Qa8# 1-0